| 000 | 00634nam a2200181 a 4500 | ||
|---|---|---|---|
| 005 | 20231013063550.0 | ||
| 008 | 991125s1941 mx 000 0 spa u | ||
| 035 | _aUPN01000002475 | ||
| 049 | _aF | ||
| 050 | 4 |
_aLB1583 M6 _bG3.4 |
|
| 100 | 1 | _aGalindo, María del Refugio | |
| 245 | 1 | 4 |
_aLas Américas y sus regiones naturales : _bgeografía económica, agrícola y social / _cMaría del Refugio Galindo. |
| 260 |
_aSaltillo : _b[s.n.], _c1941. |
||
| 300 |
_a84, [6] p. : _bil. |
||
| 500 | _a"Arreglo para escuelas primarias, secundarias y comerciales" | ||
| 650 | 4 |
_aGeografía _xEstudio y enseñanza (Elemental) _92801 |
|
| 905 | _aLibro | ||
| 999 |
_c2475 _d2475 |
||